000 00493nam a2200181Ia 4500
005 20250508163408.0
008 008 250505s9999 xx 000 0 hin d
037 _aTextual
040 _aFEDL
_beng
_cFEDL
041 _ahin
_2eng
084 _a371.3, VID
_qFEDL
245 0 _aPatth yojnayain
260 _aUdaipur, India
_bVidya Bhawan
300 _a261p.
650 _aEducational - Test and Measurement
_9758070
942 _cTEXL
_h371.3, VID
999 _c1382815
_d1382815